| 000 | 00493nam a2200193 a 4500 | ||
|---|---|---|---|
| 001 | 1756204958900 | ||
| 003 | ACL | ||
| 005 | 20250826161552.0 | ||
| 008 | 250826s2008##################000#0#eng## | ||
| 020 | _a9781579909130 | ||
| 082 | 0 | 4 |
_a746.434041 _bSCH |
| 100 | 1 |
_aSchäpper, Linda, _eauthor. |
|
| 245 | 1 | 0 | _a300 Classic Blocks for Crochet Projects : |
| 260 |
_bLark Books, _c2008. |
||
| 300 | _a260 pages | ||
| 650 | 0 | _aCrafts & Hobbies. | |
| 942 | _cENGLISH | ||
| 040 |
_aACL _beng _cACL |
||
| 999 |
_c584139 _d584139 |
||